| 000 | 01017nas a2200313 4500 | ||
|---|---|---|---|
| 001 | BR9201655 | ||
| 003 | BR-BrBNA | ||
| 005 | 20231205092430.0 | ||
| 007 | ta | ||
| 008 | 230509b bl.|||p| |||| 00| 00por d | ||
| 040 |
_aBR-BrBNA _bpor _cBiblioteca Nacional de Agricultura |
||
| 041 | _a(Pt) | ||
| 072 | _aF04 | ||
| 100 | 1 | _aSader, R. | |
| 100 | 1 | _aPedroso, P.A.C. | |
| 100 | 1 | _aEpifania, L.C. | |
| 100 | 1 | _aGavioli, E.A. | |
| 100 | 1 | _aMattos Junior, D. | |
| 245 | 1 | _aEfeitos da adubacao nitrogenada nos teores de clorofila, producao e qualidade de sementes de arroz (Oryza sativa L.) | |
| 246 | 1 | _aEffect of the N fertilization on the chlorophyll content, rice (Oryza sativa L.)seed production and quality | |
| 650 | _aARROZ | ||
| 650 | _aFERTILIZANTE NITROGENADO | ||
| 650 | _aCLOROFILA | ||
| 650 | _aSEMENTE | ||
| 650 | _aGERMINACAO | ||
| 773 | 0 |
_tCientifica (Brazil) _xISSN 0100-0039 _g(1990), v. 18(2) p. 63-69 _wBR9201655 |
|
| 909 |
_a202311 _bLúcia _c55 _dLúcia Elande |
||
| 942 |
_2AGRIS _n0 _cANA |
||
| 999 |
_c131666 _d131666 |
||